[Event "Aragon-chT Preferente"]
[Site "Spain"]
[Date "2010.01.30"]
[Round "2.1"]
[White "Garza Marco, Sergio"]
[Black "Lamas Mercadal, Manuel"]
[Result "1-0"]
[WhiteElo "2418"]
[BlackElo "2211"]
[PlyCount "51"]
[EventDate "2010.01.23"]
[EventType "team-swiss"]
[EventRounds "12"]
[EventCountry "ESP"]
[SourceTitle "EXT 2013"]
[Source "ChessBase"]
[SourceDate "2012.11.22"]
[SourceVersion "1"]
[SourceVersionDate "2012.11.22"]
[SourceQuality "1"]
[WhiteTeam "Jaime Casas"]
[BlackTeam "Delicias"]
[WhiteTeamCountry "ESP"]
[BlackTeamCountry "ESP"]

1. d4 Nf6 2. c4 e5 3. dxe5 Ng4 4. Bf4 g5 5. Bd2 Nxe5 6. Bc3 Nbc6 7. e3 g4 8. Ne2 d6 9. Nf4 Bf5 10. Be2 Qd7 11. Nd2 0-0-0 12. b4 Bg7 13. Rc1 h5 14. b5 Ne7 15. Qa4 Kb8 16. Nb3 h4 17. c5 g3 18. c6 Qc8 19. cxb7 Qxb7 20. Bd4 h3 21. fxg3 hxg2 22. Rg1 Rxh2 23. Na5 Qe4 24. Bxa7+ Kc8 25. Rxc7+ Kxc7 26. b6+ 1-0

[Event "Vitoria Gasteiz op 1st"]
[Site "Vitoria Gasteiz"]
[Date "2009.07.28"]
[Round "3.2"]
[White "Gomez Esteban, Juan Mario"]
[Black "Lamas Mercadal, Manuel"]
[Result "1-0"]
[WhiteElo "2478"]
[BlackElo "2171"]
[PlyCount "55"]
[EventDate "2009.07.26"]
[EventType "swiss"]
[EventRounds "9"]
[EventCountry "ESP"]
[SourceTitle "EXT 2024"]
[Source "ChessBase"]
[SourceDate "2023.10.10"]
[SourceVersion "1"]
[SourceVersionDate "2023.10.10"]
[SourceQuality "1"]

1. d4 Nf6 2. Nf3 g6 3. c4 Bg7 4. g3 0-0 5. Bg2 d6 6. Nc3 Nbd7 7. 0-0 e5 8. e4 c6 9. h3 Re8 10. Re1 a5 11. b3 exd4 12. Nxd4 Nc5 13. Bf4 Nh5 14. Be3 Nf6 15. Qc2 Qe7 16. Rad1 Nfd7 17. f4 Nf8 18. Bf2 Nfe6 19. Qd2 Nxd4 20. Bxd4 Bxd4+ 21. Qxd4 Rd8 22. e5 Ne6 23. exd6 Qf8 24. Qd2 Ra6 25. Ne4 f5 26. Ng5 Nc5 27. Re7 h6 28. Nf7 1-0

[Event "Aragon-chT"]
[Site "Aragon"]
[Date "2009.03.21"]
[Round "8"]
[White "Lamas Mercadal, Manuel"]
[Black "Delgado Salcedo, Eduardo"]
[Result "1/2-1/2"]
[WhiteElo "2225"]
[BlackElo "2222"]
[PlyCount "138"]
[EventDate "2009.01.24"]
[EventType "team-swiss"]
[EventRounds "9"]
[EventCountry "ESP"]
[SourceTitle "EXT 2011"]
[Source "ChessBase"]
[SourceDate "2010.11.26"]
[SourceVersion "1"]
[SourceVersionDate "2010.11.26"]
[SourceQuality "1"]

1. e4 c5 2. Nf3 a6 3. c3 d5 4. exd5 Qxd5 5. d4 Nc6 6. Be2 Nf6 7. c4 Qd8 8. d5 Nb8 9. 0-0 g6 10. Be3 Nbd7 11. Nc3 Bg7 12. Qd2 Ng4 13. Bf4 0-0 14. Rfe1 Re8 15. Bd3 b5 16. cxb5 Nb6 17. d6 e5 18. Qe2 c4 19. Bc2 Bb7 20. Bg3 Qxd6 21. bxa6 Rxa6 22. h3 Nh6 23. Bxe5 Bxf3 24. Bxd6 Bxe2 25. Rxe2 Rxe2 26. Nxe2 Bxb2 27. Rd1 Kg7 28. Bc5 Na4 29. Bd4+ Bxd4 30. Rxd4 Nb2 31. a4 Nxa4 32. Rxc4 Re6 33. Nd4 Re1+ 34. Kh2 Nb6 35. Rc7 Nd5 36. Ra7 Re7 37. Ra5 Nb4 38. Bb3 Nd3 39. f3 Rd7 40. Ne2 Nf5 41. Ng3 Nxg3 42. Kxg3 Re7 43. Rd5 Nb4 44. Rd6 Rc7 45. h4 Nc6 46. Kh3 h5 47. Rd2 Ne5 48. Re2 Kf6 49. Bd5 Re7 50. Ra2 Nd3 51. Bc4 Nb4 52. Rb2 Rb7 53. g4 Rb8 54. g5+ Kg7 55. Kg3 Nc6 56. Rxb8 Nxb8 57. Bb5 Kf8 58. Kf4 Ke7 59. Ke5 Nd7+ 60. Bxd7 Kxd7 61. Kf6 Ke8 62. f4 Kf8 63. Ke5 Ke7 64. f5 gxf5 65. Kxf5 Kf8 66. Kf6 Kg8 67. Kf5 Kg7 68. Ke5 Kg6 69. Kf4 f6 1/2-1/2

[Event "Aragon-chT"]
[Site "Aragon"]
[Date "2009.02.28"]
[Round "5"]
[White "Antoli Royo, Joaquin Miguel"]
[Black "Lamas Mercadal, Manuel"]
[Result "0-1"]
[WhiteElo "2323"]
[BlackElo "2225"]
[PlyCount "86"]
[EventDate "2009.01.24"]
[EventType "team-swiss"]
[EventRounds "9"]
[EventCountry "ESP"]
[SourceTitle "EXT 2011"]
[Source "ChessBase"]
[SourceDate "2010.11.26"]
[SourceVersion "1"]
[SourceVersionDate "2010.11.26"]
[SourceQuality "1"]

1. e4 c5 2. Nc3 Nc6 3. Nf3 g6 4. Bb5 Nd4 5. Bc4 Bg7 6. Nxd4 cxd4 7. Qf3 e6 8. Nb5 d6 9. Qg3 e5 10. Qb3 Nh6 11. d3 0-0 12. Qa3 Ng4 13. g3 Qf6 14. f4 exf4 15. 0-0 f3 16. Qxd6 f2+ 17. Kg2 Ne3+ 18. Bxe3 dxe3 19. Qxf6 Bxf6 20. c3 Bg4 21. d4 Bg5 22. h3 Bd7 23. h4 Bh6 24. Kf3 Rac8 25. Nd6 Rxc4 26. Nxc4 f5 27. e5 Bc6+ 28. Ke2 f4 29. gxf4 Rxf4 30. Kxe3 Rf8+ 31. Ke2 Bf3+ 32. Kd3 Bg2 33. Nd6 Bh3 34. Nxb7 Rf3+ 35. Kc4 Bd2 36. d5 Bf4 37. Kd4 Bf5 38. Rad1 Bg3 39. Nd6 Bg4 40. Ne4 Rf4 41. Rd3 Be2 42. Rxg3 Bxf1 43. Rg4 Rxg4 0-1